ბათუმის შოთა რუსთაველის სახელმწიფო უნივერსიტეტის ბიბლიოთეკა

Мастера греческих расписных ваз / (ბიბ.ჩანაწერი № 60873)

000 -LEADER
fixed length control field 00722nam a22001697a 4500
005 - DATE AND TIME OF LATEST TRANSACTION
control field 20231113154747.0
008 - FIXED-LENGTH DATA ELEMENTS--GENERAL INFORMATION
fixed length control field 231113s1961 ru ||||| |||| 00| 0 rus d
041 ## - LANGUAGE CODE
Language code of text/sound track or separate title rus
080 ## - UNIVERSAL DECIMAL CLASSIFICATION NUMBER
Universal Decimal Classification number 7:069 Г-67
100 ## - MAIN ENTRY--PERSONAL NAME
Personal name Горбунова, К.С.
9 (RLIN) 20358
245 ## - TITLE STATEMENT
Title Мастера греческих расписных ваз /
Statement of responsibility, etc. К.С. Горбунова, А.А. Передольская.
264 ## - PRODUCTION, PUBLICATION, DISTRIBUTION, MANUFACTURE, AND COPYRIGHT NOTICE
Place of production, publication, distribution, manufacture Л.:
Name of producer, publisher, distributor, manufacturer Изд-во Гос. Эрмитажа,
Date of production, publication, distribution, manufacture, or copyright notice 1961.
300 ## - PHYSICAL DESCRIPTION
Extent 116 стр.:
Other physical details ил.;
Dimensions 22 см.
653 ## - INDEX TERM--UNCONTROLLED
keyword ბერძნული მოხატული ვაზების ოსტატები.
700 ## - ADDED ENTRY--PERSONAL NAME
Personal name Передольская, А.А.
Relator term ავტორი
9 (RLIN) 20359
942 ## - ADDED ENTRY ELEMENTS (KOHA)
Source of classification or shelving scheme
Koha item type წიგნი
ეგზემპლარები
Withdrawn status Lost status Source of classification or shelving scheme Damaged status Not for loan Permanent Location Current Location Shelving location Date acquired Cost, normal purchase price Full call number Barcode Date last seen Copy number Uniform Resource Identifier Price effective from Koha item type Public note
          ბათუმის შოთა რუსთაველის სახელმწიფო უნივერსიტეტის მთავარი ბიბლიოთეკა ბათუმის შოთა რუსთაველის სახელმწიფო უნივერსიტეტის მთავარი ბიბლიოთეკა წიგნსაცავი 2023-11-13 6.00 7:069 Г-67 65436 2023-11-13 65436 ბსუ-ს საპატიო დოქტორის გურამ ლორთქიფანიძის საჩუქარი 2023-11-13 წიგნი 6 ლ.